<?xml version="1.0" encoding="UTF-8"?>
<record
    xmlns:xsi="http://www.w3.org/2001/XMLSchema-instance"
    xsi:schemaLocation="http://www.loc.gov/MARC21/slim http://www.loc.gov/standards/marcxml/schema/MARC21slim.xsd"
    xmlns="http://www.loc.gov/MARC21/slim">

  <leader>00338nam a22001337a 4500</leader>
  <controlfield tag="005">20180301111217.0</controlfield>
  <controlfield tag="008">170613b        xxu||||| |||| 00| 0 eng d</controlfield>
  <datafield tag="040" ind1=" " ind2=" ">
    <subfield code="c">PK-LaUMT</subfield>
  </datafield>
  <datafield tag="082" ind1=" " ind2=" ">
    <subfield code="a">ZIAC 297.05</subfield>
    <subfield code="b">HAM-</subfield>
  </datafield>
  <datafield tag="245" ind1=" " ind2=" ">
    <subfield code="a">Hamdard Islamicus/</subfield>
  </datafield>
  <datafield tag="260" ind1=" " ind2=" ">
    <subfield code="a">Karachi:</subfield>
    <subfield code="b">The Hamdard National Foundation,</subfield>
    <subfield code="c">1979</subfield>
  </datafield>
  <datafield tag="300" ind1=" " ind2=" ">
    <subfield code="a">109 p.</subfield>
  </datafield>
  <datafield tag="942" ind1=" " ind2=" ">
    <subfield code="c">BK</subfield>
  </datafield>
  <datafield tag="999" ind1=" " ind2=" ">
    <subfield code="c">94609</subfield>
    <subfield code="d">94609</subfield>
  </datafield>
  <datafield tag="952" ind1=" " ind2=" ">
    <subfield code="0">0</subfield>
    <subfield code="1">0</subfield>
    <subfield code="4">0</subfield>
    <subfield code="7">0</subfield>
    <subfield code="a">01</subfield>
    <subfield code="b">01</subfield>
    <subfield code="d">2017-06-13</subfield>
    <subfield code="l">0</subfield>
    <subfield code="o">ZIAC 297.05 HAM-</subfield>
    <subfield code="p">110224</subfield>
    <subfield code="r">2017-06-13 00:00:00</subfield>
    <subfield code="t">V-2</subfield>
    <subfield code="w">2017-06-13</subfield>
    <subfield code="y">BK</subfield>
  </datafield>
  <datafield tag="952" ind1=" " ind2=" ">
    <subfield code="0">0</subfield>
    <subfield code="1">0</subfield>
    <subfield code="4">0</subfield>
    <subfield code="7">0</subfield>
    <subfield code="a">01</subfield>
    <subfield code="b">01</subfield>
    <subfield code="d">2017-06-13</subfield>
    <subfield code="l">0</subfield>
    <subfield code="o">ZIAC 297.05 HAM-</subfield>
    <subfield code="p">110225</subfield>
    <subfield code="r">2017-06-13 00:00:00</subfield>
    <subfield code="t">V-3</subfield>
    <subfield code="w">2017-06-13</subfield>
    <subfield code="y">BK</subfield>
  </datafield>
  <datafield tag="952" ind1=" " ind2=" ">
    <subfield code="0">0</subfield>
    <subfield code="1">0</subfield>
    <subfield code="4">0</subfield>
    <subfield code="7">0</subfield>
    <subfield code="a">01</subfield>
    <subfield code="b">01</subfield>
    <subfield code="d">2017-06-13</subfield>
    <subfield code="l">0</subfield>
    <subfield code="o">ZIAC 297.05 HAM-</subfield>
    <subfield code="p">110226</subfield>
    <subfield code="r">2017-06-13 00:00:00</subfield>
    <subfield code="t">V-4</subfield>
    <subfield code="w">2017-06-13</subfield>
    <subfield code="y">BK</subfield>
  </datafield>
  <datafield tag="952" ind1=" " ind2=" ">
    <subfield code="0">0</subfield>
    <subfield code="1">0</subfield>
    <subfield code="4">0</subfield>
    <subfield code="7">0</subfield>
    <subfield code="a">01</subfield>
    <subfield code="b">01</subfield>
    <subfield code="d">2017-06-13</subfield>
    <subfield code="l">0</subfield>
    <subfield code="o">ZIAC 297.05 HAM-</subfield>
    <subfield code="p">110227</subfield>
    <subfield code="r">2017-06-13 00:00:00</subfield>
    <subfield code="t">V-5</subfield>
    <subfield code="w">2017-06-13</subfield>
    <subfield code="y">BK</subfield>
  </datafield>
  <datafield tag="952" ind1=" " ind2=" ">
    <subfield code="0">0</subfield>
    <subfield code="1">0</subfield>
    <subfield code="4">0</subfield>
    <subfield code="7">0</subfield>
    <subfield code="a">01</subfield>
    <subfield code="b">01</subfield>
    <subfield code="d">2017-06-13</subfield>
    <subfield code="l">0</subfield>
    <subfield code="o">ZIAC 297.05 HAM-</subfield>
    <subfield code="p">110228</subfield>
    <subfield code="r">2017-06-13 00:00:00</subfield>
    <subfield code="t">V-6</subfield>
    <subfield code="w">2017-06-13</subfield>
    <subfield code="y">BK</subfield>
  </datafield>
  <datafield tag="952" ind1=" " ind2=" ">
    <subfield code="0">0</subfield>
    <subfield code="1">0</subfield>
    <subfield code="4">0</subfield>
    <subfield code="7">0</subfield>
    <subfield code="a">01</subfield>
    <subfield code="b">01</subfield>
    <subfield code="d">2017-06-13</subfield>
    <subfield code="l">0</subfield>
    <subfield code="o">ZIAC 297.05 HAM-</subfield>
    <subfield code="p">110229</subfield>
    <subfield code="r">2017-06-13 00:00:00</subfield>
    <subfield code="t">V-7</subfield>
    <subfield code="w">2017-06-13</subfield>
    <subfield code="y">BK</subfield>
  </datafield>
  <datafield tag="952" ind1=" " ind2=" ">
    <subfield code="0">0</subfield>
    <subfield code="1">0</subfield>
    <subfield code="4">0</subfield>
    <subfield code="7">0</subfield>
    <subfield code="a">01</subfield>
    <subfield code="b">01</subfield>
    <subfield code="d">2017-06-13</subfield>
    <subfield code="l">0</subfield>
    <subfield code="o">ZIAC 297.05 HAM-</subfield>
    <subfield code="p">110230</subfield>
    <subfield code="r">2017-06-13 00:00:00</subfield>
    <subfield code="t">V-8</subfield>
    <subfield code="w">2017-06-13</subfield>
    <subfield code="y">BK</subfield>
  </datafield>
  <datafield tag="952" ind1=" " ind2=" ">
    <subfield code="0">0</subfield>
    <subfield code="1">0</subfield>
    <subfield code="4">0</subfield>
    <subfield code="7">0</subfield>
    <subfield code="a">01</subfield>
    <subfield code="b">01</subfield>
    <subfield code="d">2017-06-13</subfield>
    <subfield code="l">0</subfield>
    <subfield code="o">ZIAC 297.05 HAM-</subfield>
    <subfield code="p">110231</subfield>
    <subfield code="r">2017-06-13 00:00:00</subfield>
    <subfield code="t">V-9</subfield>
    <subfield code="w">2017-06-13</subfield>
    <subfield code="y">BK</subfield>
  </datafield>
  <datafield tag="952" ind1=" " ind2=" ">
    <subfield code="0">0</subfield>
    <subfield code="1">0</subfield>
    <subfield code="4">0</subfield>
    <subfield code="7">0</subfield>
    <subfield code="a">01</subfield>
    <subfield code="b">01</subfield>
    <subfield code="d">2017-06-13</subfield>
    <subfield code="l">0</subfield>
    <subfield code="o">ZIAC 297.05 HAM-</subfield>
    <subfield code="p">110232</subfield>
    <subfield code="r">2017-06-13 00:00:00</subfield>
    <subfield code="t">V-12</subfield>
    <subfield code="w">2017-06-13</subfield>
    <subfield code="y">BK</subfield>
  </datafield>
  <datafield tag="952" ind1=" " ind2=" ">
    <subfield code="0">0</subfield>
    <subfield code="1">0</subfield>
    <subfield code="4">0</subfield>
    <subfield code="7">0</subfield>
    <subfield code="a">01</subfield>
    <subfield code="b">01</subfield>
    <subfield code="d">2017-06-13</subfield>
    <subfield code="l">0</subfield>
    <subfield code="o">ZIAC 297.05 HAM-</subfield>
    <subfield code="p">110233</subfield>
    <subfield code="r">2017-06-13 00:00:00</subfield>
    <subfield code="t">V-13</subfield>
    <subfield code="w">2017-06-13</subfield>
    <subfield code="y">BK</subfield>
  </datafield>
  <datafield tag="952" ind1=" " ind2=" ">
    <subfield code="0">0</subfield>
    <subfield code="1">0</subfield>
    <subfield code="4">0</subfield>
    <subfield code="7">0</subfield>
    <subfield code="a">01</subfield>
    <subfield code="b">01</subfield>
    <subfield code="d">2017-06-13</subfield>
    <subfield code="l">0</subfield>
    <subfield code="o">ZIAC 297.05 HAM-</subfield>
    <subfield code="p">110234</subfield>
    <subfield code="r">2017-06-13 00:00:00</subfield>
    <subfield code="t">V-15</subfield>
    <subfield code="w">2017-06-13</subfield>
    <subfield code="y">BK</subfield>
  </datafield>
  <datafield tag="952" ind1=" " ind2=" ">
    <subfield code="0">0</subfield>
    <subfield code="1">0</subfield>
    <subfield code="4">0</subfield>
    <subfield code="7">0</subfield>
    <subfield code="a">01</subfield>
    <subfield code="b">01</subfield>
    <subfield code="d">2017-06-13</subfield>
    <subfield code="l">0</subfield>
    <subfield code="o">ZIAC 297.05 HAM-</subfield>
    <subfield code="p">110235</subfield>
    <subfield code="r">2017-06-13 00:00:00</subfield>
    <subfield code="t">V-16</subfield>
    <subfield code="w">2017-06-13</subfield>
    <subfield code="y">BK</subfield>
  </datafield>
  <datafield tag="952" ind1=" " ind2=" ">
    <subfield code="0">0</subfield>
    <subfield code="1">0</subfield>
    <subfield code="4">0</subfield>
    <subfield code="7">0</subfield>
    <subfield code="a">01</subfield>
    <subfield code="b">01</subfield>
    <subfield code="d">2017-06-13</subfield>
    <subfield code="l">0</subfield>
    <subfield code="o">ZIAC 297.05 HAM-</subfield>
    <subfield code="p">110239</subfield>
    <subfield code="r">2017-06-13 00:00:00</subfield>
    <subfield code="t">V-14</subfield>
    <subfield code="w">2017-06-13</subfield>
    <subfield code="y">BK</subfield>
  </datafield>
  <datafield tag="952" ind1=" " ind2=" ">
    <subfield code="0">0</subfield>
    <subfield code="1">0</subfield>
    <subfield code="4">0</subfield>
    <subfield code="7">0</subfield>
    <subfield code="a">01</subfield>
    <subfield code="b">01</subfield>
    <subfield code="d">2017-06-13</subfield>
    <subfield code="l">0</subfield>
    <subfield code="o">ZIAC 297.05 HAM-</subfield>
    <subfield code="p">110236</subfield>
    <subfield code="r">2017-06-13 00:00:00</subfield>
    <subfield code="t">V-17</subfield>
    <subfield code="w">2017-06-13</subfield>
    <subfield code="y">BK</subfield>
  </datafield>
  <datafield tag="952" ind1=" " ind2=" ">
    <subfield code="0">0</subfield>
    <subfield code="1">0</subfield>
    <subfield code="4">0</subfield>
    <subfield code="7">0</subfield>
    <subfield code="a">01</subfield>
    <subfield code="b">01</subfield>
    <subfield code="d">2017-06-13</subfield>
    <subfield code="l">0</subfield>
    <subfield code="o">ZIAC 297.05 HAM-</subfield>
    <subfield code="p">110237</subfield>
    <subfield code="r">2017-06-13 00:00:00</subfield>
    <subfield code="t">V-18</subfield>
    <subfield code="w">2017-06-13</subfield>
    <subfield code="y">BK</subfield>
  </datafield>
</record>
